Análisis de riesgo y alternativas de solución por flujo de detritos en la zona de Barrio Mercedes Aserrí
محفوظ في:
| المؤلف الرئيسي: | |
|---|---|
| التنسيق: | كتاب |
| منشور في: |
[San José, Costa Rica]
2003
|
| الموضوعات: | |
| الوسوم: |
إضافة وسم
لا توجد وسوم, كن أول من يضع وسما على هذه التسجيلة!
|
MARC
| LEADER | 00000nam a2200000Ia 4500 | ||
|---|---|---|---|
| 003 | 009255 | ||
| 005 | 20221231144144.0 | ||
| 008 | 140114s2003 cr a m 000 ||s d | ||
| 040 | |c cru CEDI | ||
| 090 | |a TFG 4795 | ||
| 100 | |a Mora Castro, Ernesto |9 6792 | ||
| 245 | |a Análisis de riesgo y alternativas de solución por flujo de detritos en la zona de Barrio Mercedes Aserrí | ||
| 260 | |c 2003 |a [San José, Costa Rica] | ||
| 300 | |a xiv, 115, [28] hojas : ilustraciones a color, 3 planos plegables, | ||
| 500 | |a Proyecto de graduación (licenciatura en ingeniería civil)--Universidad de Costa Rica, Escuela de Ingeniería Civil | ||
| 650 | |x DESASTRES NATURALES |x DESPRENDIMIENTOS DE TIERRAS |x PERCEPCION DE RIESGOS |x VETIVER |x ASERRI (SAN JOSE, COSTA RICA) |9 6793 | ||
| 942 | |c TFG | ||
| 999 | |c 17688 |d 17688 | ||
